000 00275nmm a2200097Ia 4500
008 220120s9999||||xx |||||||||||||||||und||
082 _a00 5.133 BEN
100 _aBenjamin, Danial
_92793
245 0 _aOCP oracle9i database: new features for administrators exam
260 _c2002
999 _c139037
_d139037